<?xml version="1.0" encoding="UTF-8"?>
<record
    xmlns:xsi="http://www.w3.org/2001/XMLSchema-instance"
    xsi:schemaLocation="http://www.loc.gov/MARC21/slim http://www.loc.gov/standards/marcxml/schema/MARC21slim.xsd"
    xmlns="http://www.loc.gov/MARC21/slim">

  <leader>00881aab a2200193 i 4500</leader>
  <controlfield tag="001">768714001</controlfield>
  <controlfield tag="003">CO-MdFUSB</controlfield>
  <controlfield tag="005">20240422082856.0</controlfield>
  <controlfield tag="008">221010s1995    ag ||||| |||| 00| 0 spa d</controlfield>
  <datafield tag="040" ind1=" " ind2=" ">
    <subfield code="b">spa</subfield>
    <subfield code="c">CO-MdFUSB</subfield>
    <subfield code="d">CO-MdFUSB</subfield>
  </datafield>
  <datafield tag="041" ind1=" " ind2=" ">
    <subfield code="a">spa</subfield>
  </datafield>
  <datafield tag="100" ind1="1" ind2=" ">
    <subfield code="a">Rey, V&#xED;ctor</subfield>
    <subfield code="e">autor</subfield>
  </datafield>
  <datafield tag="245" ind1="1" ind2="4">
    <subfield code="a">Una iglesia en la c&#xE1;rcel</subfield>
    <subfield code="c">/ V&#xED;ctor Rey</subfield>
  </datafield>
  <datafield tag="300" ind1=" " ind2=" ">
    <subfield code="a">Volumen 14, n&#xFA;mero 4 (octubre - diciembre, 1995), p&#xE1;ginas: 21  -22</subfield>
    <subfield code="c">; 27 cm</subfield>
  </datafield>
  <datafield tag="520" ind1=" " ind2=" ">
    <subfield code="a">En el pabell&#xF3;n de recuperaci&#xF3;n del penal Garc&#xED;a Moreno, de Quito, un grupo de presos celebra su libertad en Cristo, Juan Fern&#xE1;ndez, tambi&#xE9;n preso, los pastorea. Lo que sigue es una entrevista con &#xE9;l, realizada por Victor Rey, de MAP Internacional.</subfield>
  </datafield>
  <datafield tag="653" ind1=" " ind2=" ">
    <subfield code="a">Eclesiolog&#xED;a</subfield>
  </datafield>
  <datafield tag="773" ind1="0" ind2=" ">
    <subfield code="t">Iglesia y Misi&#xF3;n</subfield>
    <subfield code="0">49402</subfield>
    <subfield code="9">59642</subfield>
    <subfield code="g">Volumen 14, n&#xFA;mero 4 (octubre - diciembre, 1995), p&#xE1;ginas: 21 - 22</subfield>
    <subfield code="q">P&#xE1;ginas 21</subfield>
  </datafield>
  <datafield tag="942" ind1=" " ind2=" ">
    <subfield code="c">ANA</subfield>
  </datafield>
  <datafield tag="999" ind1=" " ind2=" ">
    <subfield code="c">52154</subfield>
    <subfield code="d">52154</subfield>
  </datafield>
</record>
